| 000 | 00000nam##2200000za#4500 |
| 001 | 9.690849 |
| 003 | CaOODSP |
| 005 | 20210624232517 |
| 007 | cr ||||||||||| |
| 008 | 150407|2008||||xxc|||||o f|0| 0 eng|d |
| 020 | |a978-0-662-48259-8 |
| 040 | |aCaOODSP|beng |
| 043 | |an-cn--- |
| 086 | 1 |aHP60-2/2008E-PDF |
| 110 | 2 |aPublic Health Agency of Canada. |
| 245 | 10|aPublic Health Agency of Canada, National Microbiology Laboratory report of accomplishments : |h[electronic resource]|bexcellence, innovation, leadership |
| 260 | |aOttawa - Ontario : |bPublic Health Agency of Canada |cc2008. |
| 300 | |a12p.|bcoloured figs., graphs, photographs |
| 520 | 3 |aHighlights the major achievements and outlines the future direction. |
| 590 | |a12-27-Supp|b2012-06-12 |
| 690 | 07|aHealth sciences|2gcpds |
| 690 | 07|aMicrobiology|2gcpds |
| 775 | 08|tAgence de la santé publique du Canada, Laboratoire national de microbiologie, rapport des accomplissements : |w(CaOODSP)9.635194 |
| 776 | 0#|tPublic Health Agency of Canada, National Microbiology Laboratory report of accomplishments : |w(CaOODSP)9.669967 |
| 776 | 0#|tAgence de la santé publique du Canada, Laboratoire national de microbiologie, rapport des accomplissements : |w(CaOODSP)9.669968 |
| 856 | 40|ahttp://publications.gc.ca|qPDF|s704 KB|uhttps://publications.gc.ca/collections/collection_2012/aspc-phac/HP60-2-2008-eng.pdf |